000 00707nam a22002177a 4500
003 OSt
005 20220107122844.0
008 180904b xxu||||| |||| 00| 0 eng d
040 _cIIITMK
100 _aDeepesh Raj S (1665004)
_914679
245 _aERP solution for LSG institutions in Kerala - GPR and FRS for license module
300 _aPGDEG 2016-2017
502 _bPGDEG
_c2016-2017
_dINT
_eJayachandran M B
650 _aENTERPRISE RESOURCE PLANNING
_914680
650 _aGOVERNMENT PROCESS RE-ENGINEERING
_914681
650 _aE-GOVERNANCE
_914682
700 _aJahamgeer S (1665006)
_914683
700 _aNagin N (16650007)
_914684
700 _aSajith Nazar (16650012)
_914685
942 _2ddc
_cPR
999 _c6194
_d6194